[Event "Fouesnant op 10th"]
[Site "Fouesnant"]
[Date "2004.10.28"]
[Round "7"]
[White "Michel, Yvon"]
[Black "Le Goff, Thierry"]
[Result "0-1"]
[WhiteElo "1210"]
[BlackElo "1660"]
[PlyCount "42"]
[EventDate "2004.10.23"]
[EventType "swiss"]
[EventRounds "9"]
[EventCountry "FRA"]
[SourceTitle "EXT 2007"]
[Source "ChessBase"]
[SourceDate "2006.11.23"]
[SourceVersion "1"]
[SourceVersionDate "2006.11.23"]
[SourceQuality "1"]

1. b3 e5 2. Bb2 Nc6 3. e3 d6 4. Bb5 Bd7 5. d3 a6 6. Bxc6 Bxc6 7. e4 Nf6 8. Nd2 g6 9. Nh3 Bg7 10. 0-0 0-0 11. f4 Nd7 12. Rf3 f5 13. Ng5 Qe8 14. Qe1 fxe4 15. Ndxe4 Bxe4 16. Qxe4 Nc5 17. Qd5+ Kh8 18. Nxh7 Kxh7 19. Rh3+ Bh6 20. Bc1 exf4 21. Qg5 Qe1# 0-1